000 00733nam a2200265Ia 4500
003 OSt
005 20220925223734.0
006 a|||||r|||| 00| 0
007 ta
008 220923b |||||||| |||| 00| 0 eng d
020 _a0415078989
037 _cGeneral Book
040 _aRTL
_cRTL
_beng
041 _2eng
_aeng
082 _aSigma b4, M8
100 _aBRYMAN Alan
_914705
245 0 _aQuantity and quality in social research
260 _aLondon
_bRoutledge
_c1988
300 _aviii, 198p
_ccm.
490 _aSocial Research Today
500 _aBibliography: P 175-94
650 _aSOCIAL REAEARCH
_9290254
942 _hSigma b4, M8
_cGB
_2CC
999 _c580290
_d580290